| 000 | 00812nam a2200253 a 4500 | ||
|---|---|---|---|
| 001 | 000007389 | ||
| 003 | DO-SdBNP | ||
| 005 | 20231123105909.0 | ||
| 008 | 090908s2003 dr 000 0 spa d | ||
| 020 | _a9993493252 | ||
| 040 |
_aDO-SdBNP _bspa _cBNPHU |
||
| 049 | _aBNPD | ||
| 082 | _bV145a | ||
| 100 | 1 |
_aValdez, Diógenes, _d1941- _920511 |
|
| 245 | 1 | 3 |
_aEl arte de escribir cuentos : _b(apuntes para una didáctica de la narrativa breve) / _cDiógenes Valdez. |
| 260 |
_aSanto Domingo : _bManati, _c2003. |
||
| 300 |
_a364 p. ; _c23 cm. |
||
| 504 | _aIncluye referencias bibliográficas y notas al pie de las páginas | ||
| 504 | _aIncluye bibliografías (361-364) | ||
| 650 | 4 |
_aCuento _xArte de escribir _920534 |
|
| 650 | 4 |
_aEstilo literario _95690 |
|
| 650 | 4 |
_aRetórica _96217 |
|
| 942 |
_2ddc _cLBS1 |
||
| 999 |
_c7170 _d7170 |
||